| 000 | 01220pam a2200313 a 4500 | ||
|---|---|---|---|
| 999 |
_c803 _d803 |
||
| 001 | 725936 | ||
| 003 | GZU | ||
| 005 | 20200914122727.0 | ||
| 008 | 980413s1998 tnu b 000 0 eng | ||
| 010 | _a 98021268 | ||
| 020 | _a080549345X | ||
| 040 |
_aDLC _cDLC _dDLC |
||
| 050 | 0 | 0 |
_aBR65.AUG _b 1887 |
| 245 | 0 | 0 |
_aAugustine's City of God : _bPart II - The Cities / _ctranslated by Reverend Marcus Dods |
| 260 |
_aNashville, Tenn. : _bBroadman & Holman Publishers, _cc1998. |
||
| 300 |
_axxi, 1103p. : _c21 cm. _bill. |
||
| 440 | 0 |
_aShepherd's notes. _pChristian classics |
|
| 500 | _aIncludes bibliographical references (p. 101-102). | ||
| 504 | _aIncludes bibliographical references (p. 101-102). | ||
| 600 | 0 | 0 |
_aAugustine, _cof Hippo, Saint, _d354-430. _tDe civitate Dei. |
| 650 | 0 | _aKingdom of God. | |
| 650 | 0 | _aApologetics. | |
| 650 | 0 | _aChristianity and culture. | |
| 710 | 2 | _aBroadman & Holman Publishers. | |
| 856 | 4 | 2 |
_3Publisher description _uhttp://www.loc.gov/catdir/enhancements/fy1003/98021268-d.html |
| 906 |
_a7 _bcbc _corignew _d1 _eocip _f19 _gy-gencatlg |
||
| 942 |
_2lcc _cBK _h65 _iAUG _kBR |
||